000 00592cam a2200229 4500
001 J2684
008 090401t1994 xxu||||| |||| 00| 0 eng d
035 _a(Sirsi) u50508
041 _aeng
050 _a711.552
110 _aGrimley J R Eve
_9610
245 _aShopping 2000: a review of 100 town centres.
260 _aLondon
_bGrimley J R Eve
_c1994
300 _a11p. ; 30cm.
350 _a0
650 _aRETAIL DEVELOPMENT
650 _aSHOPPING 2000
650 _aTOWN CENTRES
690 _aPROPERTY-COMMERCIAL PROPERTY-RETAIL PROPERTY
942 _n0
948 _c04/03/1997
999 _c92715
_d92715